Une église = une ville. - Statistiques

Statistiques générales
  • Ce quiz a été pris 38 fois
  • Le résultat moyen est 5 sur 12
Statistiques - réponses
Par images Réponse % Correct
Marseille
92%
Lyon
61%
Toulouse
56%
Paris
53%
Bordeaux
50%
Strasbourg
33%
Rouen
28%
Dijon
22%
Nancy
19%
Reims
19%
Lille
17%
Avignon
14%
Aucun quiz correspondant
Distribution des résultats
% des personnes avec chaque résultat
Percentile par nombre de réponses
Votre historique - résultats
Vous n’avez pas pris ce quiz